[Event "Moscow VAO IM 12"]
[Site "Moscow"]
[Date "2013.12.10"]
[Round "8"]
[White "Semenov, Rinat"]
[Black "Hakmedov, Kemal"]
[Result "1-0"]
[WhiteElo "2250"]
[BlackElo "2077"]
[PlyCount "43"]
[EventDate "2013.12.07"]
[EventType "tourn"]
[EventRounds "9"]
[EventCountry "RUS"]
[EventCategory "5"]
[SourceTitle "CBM 158 Extra"]
[Source "ChessBase"]
[SourceDate "2014.02.28"]
[SourceVersion "1"]
[SourceVersionDate "2014.02.28"]
[SourceQuality "1"]

1. d4 d5 2. c4 e6 3. Nf3 Nf6 4. Nc3 Be7 5. Bf4 0-0 6. e3 c5 7. cxd5 Nxd5 8. Bg3 Nc6 9. Bd3 Ncb4 10. Be4 f5 11. Bb1 f4 12. exf4 Nxf4 13. 0-0 cxd4 14. Nxd4 e5 15. Qb3+ Kh8 16. Nf3 Be6 17. Qa4 Qc7 18. Be4 Bc4 19. Rfe1 Nbd3 20. Re3 Nxb2 21. Qc2 Ba3 22. Nb5 1-0

[Event "Moscow VAO IM 12"]
[Site "Moscow"]
[Date "2013.12.09"]
[Round "5"]
[White "Hakmedov, Kemal"]
[Black "Savin, Boris"]
[Result "1/2-1/2"]
[WhiteElo "2077"]
[BlackElo "2134"]
[PlyCount "26"]
[EventDate "2013.12.07"]
[EventType "tourn"]
[EventRounds "9"]
[EventCountry "RUS"]
[EventCategory "5"]
[SourceTitle "CBM 158 Extra"]
[Source "ChessBase"]
[SourceDate "2014.02.28"]
[SourceVersion "1"]
[SourceVersionDate "2014.02.28"]
[SourceQuality "1"]

1. d4 Nf6 2. c4 g6 3. Nc3 Bg7 4. e4 d6 5. Be2 0-0 6. Nf3 e5 7. dxe5 dxe5 8. Qxd8 Rxd8 9. Bg5 c6 10. Nxe5 Re8 11. 0-0-0 Na6 12. f4 Nc5 13. Bf3 Nh5 1/2-1/2

[Event "Moscow VAO IM 12"]
[Site "Moscow"]
[Date "2013.12.08"]
[Round "4"]
[White "Bagirov, Rufat"]
[Black "Hakmedov, Kemal"]
[Result "1-0"]
[WhiteElo "2461"]
[BlackElo "2077"]
[PlyCount "61"]
[EventDate "2013.12.07"]
[EventType "tourn"]
[EventRounds "9"]
[EventCountry "RUS"]
[EventCategory "5"]
[SourceTitle "CBM 158 Extra"]
[Source "ChessBase"]
[SourceDate "2014.02.28"]
[SourceVersion "1"]
[SourceVersionDate "2014.02.28"]
[SourceQuality "1"]

1. d4 g6 2. Bg5 Bg7 3. Nc3 c5 4. dxc5 Qa5 5. Qd2 Qxc5 6. e4 Nf6 7. 0-0-0 d6 8. Bxf6 Bxf6 9. Nd5 0-0 10. Nxf6+ exf6 11. f3 f5 12. h4 fxe4 13. fxe4 Nc6 14. h5 g5 15. h6 g4 16. Bc4 Ne5 17. Bd5 Ng6 18. Qg5 Qf2 19. Ne2 Kh8 20. Rdf1 f6 21. Qd2 Qc5 22. Ng3 Qc7 23. Nh5 Qe7 24. Rf2 Be6 25. Rhf1 Bxd5 26. exd5 Ne5 27. Nxf6 Rac8 28. Kb1 Nc4 29. Qd4 Qe5 30. Qxe5 Nxe5 31. Ne4 1-0

[Event "Moscow VAO IM 12"]
[Site "Moscow"]
[Date "2013.12.07"]
[Round "2"]
[White "Hakmedov, Kemal"]
[Black "Enkhtuul, Altanulzii"]
[Result "0-1"]
[WhiteElo "2077"]
[BlackElo "2249"]
[PlyCount "40"]
[EventDate "2013.12.07"]
[EventType "tourn"]
[EventRounds "9"]
[EventCountry "RUS"]
[EventCategory "5"]
[SourceTitle "CBM 158 Extra"]
[Source "ChessBase"]
[SourceDate "2014.02.28"]
[SourceVersion "1"]
[SourceVersionDate "2014.02.28"]
[SourceQuality "1"]

1. Nf3 d5 2. b3 Nf6 3. Bb2 e6 4. e3 Be7 5. Ne5 0-0 6. f4 c5 7. Bb5 a6 8. Be2 d4 9. 0-0 b5 10. Bf3 Ra7 11. e4 Bb7 12. d3 Nc6 13. Nxc6 Bxc6 14. Nd2 Qc7 15. e5 Bxf3 16. Rxf3 Nd5 17. Ne4 f5 18. Nd2 Ne3 19. Qe2 Qd8 20. Nf1 Nd5 0-1

[Event "Suzdal Vladimir IM"]
[Site "Suzdal"]
[Date "2013.08.22"]
[Round "7"]
[White "Odnorozhenko, Evgenyi"]
[Black "Hakmedov, Kemal"]
[Result "1-0"]
[WhiteElo "2264"]
[BlackElo "2039"]
[PlyCount "27"]
[EventDate "2013.08.15"]
[EventType "tourn"]
[EventRounds "9"]
[EventCountry "RUS"]
[EventCategory "2"]
[SourceTitle "EXT 2018"]
[Source "ChessBase"]
[SourceDate "2017.10.13"]
[SourceVersion "1"]
[SourceVersionDate "2017.10.13"]
[SourceQuality "1"]

1. d4 d5 2. c4 e6 3. Nf3 c6 4. e3 Bd6 5. Nc3 Nd7 6. e4 Ne7 7. Bd3 b6 8. 0-0 Bb7 9. Bg5 f6 10. Bh4 0-0 11. Qc2 h6 12. Rfe1 Ng6 13. exd5 Nxh4 14. Bh7+ 1-0

[Event "Suzdal Vladimir IM"]
[Site "Suzdal"]
[Date "2013.08.21"]
[Round "6"]
[White "Hakmedov, Kemal"]
[Black "Glek, Igor Vladimirovich"]
[Result "0-1"]
[WhiteElo "2039"]
[BlackElo "2460"]
[PlyCount "46"]
[EventDate "2013.08.15"]
[EventType "tourn"]
[EventRounds "9"]
[EventCountry "RUS"]
[EventCategory "2"]
[SourceTitle "EXT 2018"]
[Source "ChessBase"]
[SourceDate "2017.10.13"]
[SourceVersion "1"]
[SourceVersionDate "2017.10.13"]
[SourceQuality "1"]

1. e4 e6 2. d4 d5 3. e5 c5 4. c3 Nc6 5. Nf3 Nh6 6. Bd3 cxd4 7. cxd4 Nf5 8. Bxf5 exf5 9. Nc3 Be6 10. 0-0 Be7 11. Be3 g5 12. Qc1 f4 13. Bd2 Rc8 14. Bxf4 gxf4 15. Qxf4 0-0 16. Nb5 Kh8 17. Nd6 Bxd6 18. exd6 Rg8 19. Rfe1 Rg4 20. Qd2 Qxd6 21. Ne5 Nxe5 22. dxe5 Qb4 23. Qxb4 Rxb4 0-1

[Event "Suzdal Vladimir IM"]
[Site "Suzdal"]
[Date "2013.08.21"]
[Round "5"]
[White "Zabotin, Alexander"]
[Black "Hakmedov, Kemal"]
[Result "1-0"]
[WhiteElo "2448"]
[BlackElo "2039"]
[PlyCount "27"]
[EventDate "2013.08.15"]
[EventType "tourn"]
[EventRounds "9"]
[EventCountry "RUS"]
[EventCategory "2"]
[SourceTitle "EXT 2018"]
[Source "ChessBase"]
[SourceDate "2017.10.13"]
[SourceVersion "1"]
[SourceVersionDate "2017.10.13"]
[SourceQuality "1"]

1. e4 c5 2. Nf3 d6 3. d4 cxd4 4. Nxd4 Nf6 5. Nc3 g6 6. f4 Bg7 7. e5 dxe5 8. fxe5 Nd5 9. Bb5+ Kf8 10. 0-0 Bxe5 11. Bh6+ Kg8 12. Nxd5 Qxd5 13. Nf5 Qc5+ 14. Be3 1-0

[Event "Suzdal Vladimir IM"]
[Site "Suzdal"]
[Date "2013.08.20"]
[Round "4"]
[White "Hakmedov, Kemal"]
[Black "Savosto, Petr"]
[Result "1-0"]
[WhiteElo "2039"]
[BlackElo "2256"]
[PlyCount "91"]
[EventDate "2013.08.15"]
[EventType "tourn"]
[EventRounds "9"]
[EventCountry "RUS"]
[EventCategory "2"]
[SourceTitle "EXT 2018"]
[Source "ChessBase"]
[SourceDate "2017.10.13"]
[SourceVersion "1"]
[SourceVersionDate "2017.10.13"]
[SourceQuality "1"]

1. Nf3 d5 2. b3 Nf6 3. Bb2 g6 4. e3 Bg7 5. d4 0-0 6. g3 a5 7. a3 a4 8. b4 b6 9. Bg2 Ba6 10. Nbd2 Nfd7 11. Qc1 c5 12. c3 Nc6 13. Bf1 Bxf1 14. Kxf1 e5 15. Rb1 e4 16. Ne1 c4 17. h4 h6 18. Qd1 f5 19. Qe2 Nf6 20. Nxc4 Rb8 21. b5 Ne7 22. Ne5 Nd7 23. Nc6 Nxc6 24. bxc6 Nf6 25. Qb5 Qd6 26. Nc2 g5 27. hxg5 hxg5 28. Nb4 f4 29. gxf4 gxf4 30. Bc1 f3 31. c4 Kf7 32. Nxd5 Rh8 33. Rg1 Rh2 34. Nxf6 Rxf2+ 35. Ke1 Re2+ 36. Kd1 Qxf6 37. c7 Re8 38. Qxe8+ Kxe8 39. c8Q+ Kf7 40. Qc7+ Kg8 41. Rxb6 Rg2 42. Re1 Qf5 43. Rb8+ Bf8 44. Rxf8+ Kxf8 45. Rh1 Rg8 46. Qd8+ 1-0